[Event "Nordstrand GP B"]
[Site "Oslo"]
[Date "2019.04.06"]
[Round "3"]
[White "Aure, Anders Nilsson"]
[Black "Dienes, Tamas"]
[Result "1-0"]
[WhiteElo "1800"]
[BlackElo "1577"]
[PlyCount "129"]
[EventDate "2019.04.05"]
[EventType "swiss"]
[EventRounds "5"]
[EventCountry "NOR"]
[SourceTitle "EXT 2024"]
[Source "ChessBase"]
[SourceDate "2023.10.10"]
[SourceVersion "1"]
[SourceVersionDate "2023.10.10"]
[SourceQuality "1"]

1. c4 e5 2. Nc3 Nf6 3. g3 d5 4. cxd5 Nxd5 5. Bg2 c6 6. d3 Be7 7. Nf3 Bf6 8. Ne4 0-0 9. 0-0 Re8 10. Nxf6+ Qxf6 11. Rb1 h6 12. Bd2 Be6 13. b4 Nd7 14. a4 Rac8 15. h3 c5 16. e4 Nxb4 17. Bxb4 cxb4 18. Rxb4 b6 19. d4 exd4 20. Nxd4 Qe7 21. Rb1 Bc4 22. Re1 Nc5 23. Nf5 Qf6 24. Nd6 Red8 25. e5 Qg6 26. Nxc8 Rxc8 27. Rb4 Be6 28. Rd4 Qg5 29. h4 Qe7 30. Bd5 Bf5 31. Qf3 g6 32. h5 Kg7 33. hxg6 Bxg6 34. Qf6+ Qxf6 35. exf6+ Kxf6 36. Rf4+ Kg7 37. Re7 Rf8 38. Rxa7 Nd3 39. Rf3 Ne5 40. Re3 Ng4 41. Rb3 Rd8 42. Bf3 Ne5 43. Kg2 Rd2 44. Re3 Nc4 45. Re2 Rd4 46. Ree7 Rd6 47. Rad7 Rf6 48. Be4 Nb2 49. Bxg6 Kxg6 50. Rd4 Rc6 51. Re2 Nc4 52. Rg4+ Kh7 53. Re7 Nd6 54. Rd7 Nc4 55. Rxf7+ Kh8 56. Rf8+ Kh7 57. Rf7+ Kh8 58. Rfg7 Rc8 59. Rb7 Ne5 60. Re4 Ng6 61. Rxb6 Kh7 62. Ree6 Rg8 63. Rxg6 Rxg6 64. Rxg6 Kxg6 65. a5 1-0